| 000 | 00568nam a2200181 a 4500 | ||
|---|---|---|---|
| 001 | 000023891 | ||
| 005 | 20200930022540.0 | ||
| 008 | 110117s2010 dr 000 0 spa d | ||
| 020 | _a9789945876802 | ||
| 040 |
_aDO-SdBNP _bspa _cBNPHU |
||
| 082 |
_axxxx _bI68o |
||
| 100 | 1 |
_aIrizarry Caro, Ricardo Alb., _d1978- _949152 |
|
| 245 | 1 | 0 |
_aOrganizando una iglesia cristiana evangélica / _cRicardo Alb. Irizarry Caro. |
| 260 |
_aAzua, República Dominicana : _bArroba, _c2010. |
||
| 300 |
_a111 p. : _bil. ; _c21 cm. |
||
| 504 | _aBibliografías : p. 111 | ||
| 049 | _aBNPD | ||
| 999 |
_c23387 _d23387 |
||